000 00357nam a2200133Ia 4500
005 20260328101458.0
008 260328s9999||||xx |||||||||||||| ||und||
100 _aMcLean, Will
245 0 _aQuik Build :
_b Adam Kalkin's ABC of container Architecture /
_cWill McLean
260 _bDrukkerij
300 _a143 p.
650 _aARQUITECTURA CIVIL
942 _cBK
999 _c8881
_d8881